000 00328nam a2200133 i 4500
001 bg
100 1 _aMAJ, J.
245 0 _aOrganizacja przestrzenna i wyposażenie biblioteki publicznej /
_cJ. Maj.
260 _aWarszawa,
_c1987.
040 _cBPK
041 _apol
942 _cKS
008 s pl f |000 0 pol
999 _c23543
_d23543
856 _uhttp://koha.tu.koszalin.pl/cgi-bin/koha/opac-detail.pl?biblionumber=23543
_yKatalog online BPK